Dgieeeeeeeeeeeeeeeeeeeee - Statystyki

Ogólne statystyki
  • Ten quiz został rozwiązany 366 razy
  • Średni wynik to 71 z 115
Statystyki odpowiedzi
dga Answergffff % Poprawnych
a a
100%
s a
68%
z a
68%
x a
68%
s a
68%
c a
68%
s a
68%
z a
68%
d a
68%
s a
68%
x a
68%
c a
68%
d a
68%
s a
68%
az a
68%
zzz a
67%
zzz a
67%
zzz a
67%
zzzzzzzzzzzzzzzzzzzzzzzzzzzzzzzz a
67%
zzz a
67%
zzzzzzzzzzzzzzz a
67%
zzzz a
67%
z a
67%
z a
67%
z a
67%
z a
67%
z a
67%
z a
67%
z a
67%
z a
67%
zz a
67%
z a
67%
z a
67%
z a
67%
z a
67%
z a
67%
zz a
67%
zzz a
67%
zzz a
67%
zzz a
67%
zzz a
67%
zzzz aa
67%
zzz aa
67%
zz aaa
67%
z aaa
67%
z aaa
67%
z aaa
67%
z aaa
67%
zzz a
57%
z a
57%
z a
57%
z a
57%
sz a
57%
s a
57%
sx a
57%
z a
57%
x a
57%
z a
57%
zx a
57%
z a
57%
zx a
57%
xz a
57%
sc a
57%
x a
57%
vs a
57%
x a
57%
x a
57%
xs a
57%
a a
57%
x a
57%
a a
57%
x a
57%
x a
57%
x a
57%
x a
57%
x a
57%
x a
57%
x a
57%
D a
57%
c a
57%
D a
57%
d a
57%
d a
57%
d a
57%
d a
57%
d a
57%
d a
57%
x a
57%
x a
57%
x a
57%
x a
57%
d aaaa
57%
x aaaaaa
57%
x aaaaaaaaaa
57%
x aaaaaaaaaaa
57%
x aaaaaaaaaaa
57%
x aaaaaaaaaaaaa
57%
zzz aaaaaaaaaaaaaaaaaaaaa
57%
x aaaaaaaaaaaaaaaaaaaaaaa
57%
d a
56%
d a
56%
f a
56%
d a
56%
ff a
56%
s a
56%
f aa
56%
gf aaa
56%
zx aaaaaaaaaa
56%
x aaaaaaaaaaaa
56%
z aaaaaaaaaaaa
56%
x aaaaaaaaaaaa
56%
a a
55%
s aaa
55%
a aaaaaa
55%
a aaaaaaaaaaa
55%
Nie znaleziono quizów pasujących do podanych kryteriów
Rozkład punktacji
Procent ludzi z każdym wynikiem
Percentyl według liczby udzielonych odpowiedzi
Twoja historia wyników
Nie rozwiązałeś tego quizu